00832nam a2200217 i 450000100060000000300090000600500170001500700030003200800410003510000370007624500880011325000150020126000560021630000220027249000550029470000310034983000630038085200320044399900170047595201220049265713ES-MaACL20250926063048.0t|040121s1966 mx ||||1| spa d1 aFromm, Erich, d1900-198095272910aEtica y psicoanálisis / cpor Erich Fromm ; [traducción de Heriberto F. Morck]. a[6ª ed.]. aMéxico : bFondo de Cultura Económica, c[1966] a251 p. ; c18 cm.1 aBreviarios del Fondo de Cultura Económica ; v741 aMorck, Heriberto F.9831920 aBreviarios del Fondo de Cultura Económica ; v749179682 aES-MaACLjC-34889 bR.67410 c65713d65713 00104070aATENEOMbATENEOMcDEPO2d2008-01-17eSCl0oC-34889p1068845r2023-02-23 00:00:00w2023-02-23yMONOGRAFIA